Vydavateľstvo Motýľ

Bibliographic Details
Main Author: Kocian, Branko (Author)
Format: Article
Language:Slovak
ISSN:1210-1982
Subjects:

MARC

LEADER 00000nab a2200000 ar4500
001 vtls009287299
003 SK-MaSNL
005 20260426094501.0
008 080421c2008 xo |r|p|||||||000 b|slo
015 |a SNBRB2008/04  |2 snkbucl 
038 |a SNKBUCL 
040 |a SNKBUCL  |b slo  |c SNKBUCL  |e AACR2 
041 0 |a slo 
044 |a xo  |c SK 
080 |a 655.413  |x (437.6)  |2 2001 
245 0 0 |a Vydavateľstvo Motýľ  |c Branko Kocian 
610 2 7 |a Motýľ (vydavateľstvo)  |2 snkbucl  |9 164728 
650 0 7 |a nakladateľstvá a vydavateľstvá  |2 SNKPH  |9 2789 
651 7 |a Bratislava (Slovensko)  |2 SNKPHgeo  |9 14568 
655 7 |a rozhovory  |2 snkbucl  |9 31831 
700 1 |a Kocian, Branko  |4 ive  |4 aut  |9 11539 
773 0 |t Knižná revue  |g Roč. XVIII, č. 5 (2008), s. 10  |x 1210-1982 
852 |a SNK  |b KIS3GCP 
958 |a KL 
958 |a SK 
999 |c 3137948  |d 3139878